Flags With 3 Lines - Statistics

General Stats
  • This quiz has been taken 43 times
    28 since last reset
  • The average score is 21 of 24
Answer Stats
Picture Answer % Correct
Austria
95%
Germany
95%
Russia
95%
Belgium
91%
Estonia
91%
France
91%
Hungary
91%
Ireland
91%
Italy
91%
Lithuania
91%
Netherlands
91%
Nigeria
91%
Bulgaria
86%
Ivory Coast
86%
Luxembourg
86%
Romania
86%
Armenia
82%
Chad
82%
Latvia
82%
Sierra Leone
77%
Yemen
77%
Gabon
73%
Guinea
73%
Mali
68%
No matching quizzes found
Score Distribution
Percent of People with Each Score
Percentile by Number Answered
Your Score History
You have not taken this quiz since the last reset